[Event "LAT-ch"]
[Site "Riga"]
[Date "2012.05.04"]
[Round "8"]
[White "Dzirkalis, Edvins"]
[Black "Lavendelis, Egons"]
[Result "0-1"]
[WhiteElo "2088"]
[BlackElo "2347"]
[PlyCount "134"]
[EventDate "2012.04.29"]
[EventType "swiss"]
[EventRounds "9"]
[EventCountry "LAT"]
[SourceTitle "CBM 148 Extra"]
[Source "ChessBase"]
[SourceDate "2012.06.22"]
[SourceVersion "1"]
[SourceVersionDate "2012.06.22"]
[SourceQuality "1"]

1. Nf3 Nf6 2. c4 g6 3. Nc3 d5 4. cxd5 Nxd5 5. e4 Nb6 6. d4 Bg7 7. h3 0-0 8. Be3 c6 9. Be2 Be6 10. b3 c5 11. Rc1 cxd4 12. Nxd4 Bd7 13. 0-0 Nc6 14. Qd2 Nxd4 15. Bxd4 Bxh3 16. Rfd1 Qxd4 17. Qxd4 Bxd4 18. Rxd4 Bd7 19. Bb5 Be6 20. Na4 Nxa4 21. Bxa4 Rac8 22. Rcd1 Rc7 23. Bd7 Bxd7 24. Rxd7 Rfc8 25. g4 f6 26. Kg2 Kf7 27. R7d4 Rc2 28. Ra4 a6 29. Rb4 R8c7 30. a4 Rb2 31. Rd3 h5 32. gxh5 gxh5 33. Rf3 Kg6 34. Rg3+ Kh6 35. e5 Rbc2 36. exf6 exf6 37. Rd4 R2c5 38. Rd6 R7c6 39. Rd7 Rc7 40. Rd6 Rf5 41. Rb6 Rf7 42. Rd6 Rg5 43. Rxg5 Kxg5 44. Kg3 Rc7 45. Rd5+ Kg6 46. Rd3 Rc6 47. Kf4 Rc5 48. Kg3 Rg5+ 49. Kh3 Rg4 50. f3 Rb4 51. Kg3 Kf5 52. Rc3 h4+ 53. Kh3 Ke5 54. Rd3 a5 55. Kg2 b6 56. Kh3 f5 57. Kg2 Rd4 58. Rc3 Kd5 59. Kh3 Rb4 60. Rd3+ Kc5 61. Kg2 Rf4 62. Kf2 Rb4 63. Kg2 Rd4 64. Re3 Kb4 65. Kh3 Ka3 66. Re5 Kxb3 67. Rb5+ Rb4 0-1

[Event "LAT-ch"]
[Site "Riga"]
[Date "2012.05.01"]
[Round "4"]
[White "Dzirkalis, Edvins"]
[Black "Mustaps, Matiss"]
[Result "0-1"]
[WhiteElo "2088"]
[BlackElo "2278"]
[PlyCount "130"]
[EventDate "2012.04.29"]
[EventType "swiss"]
[EventRounds "9"]
[EventCountry "LAT"]
[SourceTitle "CBM 148 Extra"]
[Source "ChessBase"]
[SourceDate "2012.06.22"]
[SourceVersion "1"]
[SourceVersionDate "2012.06.22"]
[SourceQuality "1"]

1. Nf3 Nf6 2. c4 g6 3. Nc3 Bg7 4. e4 d6 5. d4 0-0 6. Be2 Na6 7. 0-0 c5 8. d5 Rb8 9. h3 Nc7 10. Re1 e5 11. dxe6 Nxe6 12. Bf1 a6 13. a4 b6 14. Qc2 Nd4 15. Nxd4 cxd4 16. Nd5 Nxd5 17. exd5 Bf5 18. Bd3 Bxd3 19. Qxd3 b5 20. axb5 axb5 21. cxb5 Qb6 22. Ra6 Qc5 23. Bf4 Rfd8 24. Bg5 Re8 25. Rxe8+ Rxe8 26. Bf4 Be5 27. Bxe5 dxe5 28. d6 Rd8 29. Rc6 Qd5 30. f3 Rxd6 31. Rxd6 Qxd6 32. Kf1 Kg7 33. Ke2 f5 34. Qa3 Qe6 35. Qc5 Kh6 36. g4 Kg5 37. Qc1+ Kh4 38. Kf2 h5 39. gxh5 Kxh5 40. h4 f4 41. Qg1 Kh6 42. Qg5+ Kh7 43. h5 gxh5 44. Qxh5+ Kg7 45. Qg5+ Kf7 46. Qh5+ Ke7 47. b6 Kd6 48. Qh7 Qd7 49. Qe4 Qb5 50. Qb7 Qxb2+ 51. Kf1 Qc1+ 52. Kg2 Qc2+ 53. Kh3 d3 54. Qb8+ Kd7 55. Qb7+ Kd8 56. Qf7 Kc8 57. Qe6+ Kb7 58. Qxe5 d2 59. Qd5+ Kxb6 60. Qd4+ Kb5 61. Qd5+ Kb4 62. Qd4+ Kb3 63. Qb6+ Ka2 64. Qa6+ Kb1 65. Qb5+ Kc1 0-1